书目信息 |
| 题名: |
大学生心理健康教育
|
|
| 作者: | 谭亚菲 , 赵玲 主编 | |
| 分册: | ||
| 出版信息: | 北京 科学出版社 2016 |
|
| 页数: | 252页 | |
| 开本: | 26cm | |
| 丛书名: | ||
| 单 册: | ||
| 中图分类: | G444 , B844.2 | |
| 科图分类: | ||
| 主题词: | 大学生--心理健康--健康教育 , 发展心理学 | |
| 电子资源: | ||
| ISBN: | 7-03-046562-8 | |
| 000 | 01025nam0 2200265 450 | |
| 001 | 417632 | |
| 005 | 20180528153639.01 | |
| 010 | @a7-03-046562-8@dCNY29.00 | |
| 100 | @a20171018d2016 em y0chiy50 ea | |
| 101 | 0 | @achi |
| 102 | @aCN@b110000 | |
| 105 | @ay z 000yy | |
| 200 | 1 | @a大学生心理健康教育@9da xue sheng xin li jian kang jiao yu@f赵玲编著@Fzhao ling bian zhu |
| 205 | @a3版 | |
| 210 | @a北京@c科学出版社@d2016 | |
| 215 | @a252页@d26cm | |
| 330 | @a本书系统地阐述了大学生心理健康的基本知识,介绍了大学生心理的维护和调适的方法,全面地分析了大学生自我意识及其特点。与以往同类教材相比,本教材增设了“心理拓展训练”作为每一章理论教学的实践延伸,大量拓展训练活动替代了传统的“思考与练习题”,通过丰富的活动整合所学知识,以调适和促进大学生的心理健康。 | |
| 606 | 0 | @a大学生@x心理健康@x健康教育 |
| 606 | 0 | @a发展心理学 |
| 690 | @aG444@v5 | |
| 690 | @aB844.2@v4 | |
| 701 | 0 | @a谭亚菲@9tan ya fei@4主编 |
| 701 | 0 | @a赵玲@Azhao ling@4编著 |
| 801 | 0 | @aCN@b91MARC@c20171018 |
| 905 | @aMuseLib@dB844.2@e2313=3 | |
| 大学生心理健康教育/赵玲编著.-3版.-北京:科学出版社,2016 |
| 252页;26cm |
| ISBN 7-03-046562-8:CNY29.00 |
| 本书系统地阐述了大学生心理健康的基本知识,介绍了大学生心理的维护和调适的方法,全面地分析了大学生自我意识及其特点。与以往同类教材相比,本教材增设了“心理拓展训练”作为每一章理论教学的实践延伸,大量拓展训练活动替代了传统的“思考与练习题”,通过丰富的活动整合所学知识,以调适和促进大学生的心理健康。 |
| ● |
| 相关链接 |
|
|
|
|
正题名:大学生心理健康教育
索取号:B844.2/2313=3
 
预约/预借
| 序号 | 登录号 | 条形码 | 馆藏地/架位号 | 状态 | 备注 |
| 1 | 1112207 | 211122079 | 第一样本阅览室/ [索取号:B844.2/2313=3] | 在馆 | |
| 2 | 1112208 | 211122088 | 教育系资料室/ [索取号:B844.2/2313=3] | 在馆 | |
| 3 | 1112209 | 211122097 | 教育系资料室/ [索取号:B844.2/2313=3] | 在馆 | |
| 4 | 1112210 | 211122104 | 第一借阅区/ [索取号:B844.2/2313=3] | 在馆 |